000 00665 a2200205 4500
999 _c26544
_d26544
008 230731b ||||| |||| 00| 0 eng d
020 _a9789353164652
041 0 _aeng
082 0 0 _a658.4038
_bB4197
100 _aBehl, Ramesh
_95620
245 _aManagement Information Systems /
_cRamesh Behl, James A. O'Brien, and George M. Marakas
250 _a11th ed.
260 _aChennai :
_bMcGraw Hill Education (India) Private Limited,
_c2019.
300 _axxxv, 786 p. :
_bill. :
_c28 cm.
504 _aIncludes index.
650 0 _aManagement Information Systems
700 _95621
_aO'Brien, James A.
700 _95622
_aMarakas, George M.
942 _2ddc
_cBK